000
002830000a22000970004500
100
1
_a
Clements, Ronald Ernest (1929- )
245
1
0
_a
Isaiah : A book without and ending
300
_a
Núm 97 (2002), Páginas 109-126
773
0
_t
Journal for the Study of the Old Testament
942
_c
ANA
999
_c
55020
_d
55020